[Event "ESP-ch U10"]
[Site "Salobrena"]
[Date "2023.07.07"]
[Round "7"]
[White "Garcia Tanjala, Marko"]
[Black "Rullan Bento, Pau"]
[Result "1-0"]
[WhiteElo "1450"]
[BlackElo "1310"]
[PlyCount "181"]
[EventDate "2023.07.03"]
[EventType "swiss"]
[EventRounds "9"]
[EventCountry "ESP"]
[SourceTitle "EXT 2024"]
[Source "ChessBase"]
[SourceDate "2023.10.10"]
[SourceVersion "1"]
[SourceVersionDate "2023.10.10"]
[SourceQuality "1"]

1. d4 d5 2. c4 e6 3. Nf3 Nf6 4. Bg5 c5 5. Nc3 Nc6 6. cxd5 exd5 7. dxc5 d4 8. Ne4 Be7 9. Qc2 0-0 10. Nxf6+ Bxf6 11. Bxf6 Qxf6 12. g3 Bf5 13. Qd2 Rad8 14. Bg2 d3 15. 0-0 dxe2 16. Qxe2 Bd3 17. Qe3 Bxf1 18. Rxf1 Rfe8 19. Qb3 Nd4 20. Nxd4 Qxd4 21. Qb5 h6 22. Bxb7 Rb8 23. c6 Qd6 24. Rc1 Re7 25. a4 Rc7 26. b4 Rbxb7 27. Qxb7 Rxb7 28. cxb7 Kh7 29. a5 Qxb4 30. a6 h5 31. Rc8 Qe1+ 32. Kg2 Qe4+ 33. f3 Qe2+ 34. Kh3 g5 35. Rc1 Qxf3 36. b8Q g4+ 37. Kh4 Qf6+ 38. Kxh5 Qg6+ 39. Kh4 Qh6+ 40. Kxg4 Qg6+ 41. Kf3 Qd3+ 42. Kf4 Qd4+ 43. Kf5 Qd7+ 44. Ke4 Qa4+ 45. Kd5 Qd7+ 46. Qd6 Qf5+ 47. Kc6 Qc8+ 48. Qc7 Qxa6+ 49. Kd7 Qe6+ 50. Kd8 Qd5+ 51. Qd7 Qg5+ 52. Ke8 Qg8+ 53. Ke7 Qg5+ 54. Kd6 Qd2+ 55. Kc7 Qxc1+ 56. Kb7 Qb2+ 57. Kxa7 Qa3+ 58. Kb7 Qb4+ 59. Kc8 Qf8+ 60. Qd8 Qc5+ 61. Kd7 Qd5+ 62. Ke8 Qe5+ 63. Kxf7 Qg7+ 64. Ke6 Qg6+ 65. Qf6 Qe4+ 66. Qe5 Qg6+ 67. Ke7 Qa6 68. h4 Qb7+ 69. Kf6 Qc6+ 70. Kf5 Qg6+ 71. Kf4 Qh6+ 72. Qg5 Qd6+ 73. Kg4 Qd4+ 74. Kh5 Qd1+ 75. g4 Qc2 76. Qf5+ Qxf5+ 77. gxf5 Kg7 78. Kg5 Kf7 79. f6 Kg8 80. Kg6 Kh8 81. Kf5 Kh7 82. Ke6 Kg8 83. Ke7 Kh8 84. f7 Kg7 85. h5 Kh7 86. h6 Kxh6 87. f8Q+ Kh7 88. Qf5+ Kh8 89. Qg4 Kh7 90. Kf7 Kh6 91. Qh4# 1-0

[Event "ESP-ch U10"]
[Site "Salobrena"]
[Date "2023.07.06"]
[Round "6"]
[White "Rullan Bento, Pau"]
[Black "Jimenez Haneda, Naoki"]
[Result "1-0"]
[WhiteElo "1310"]
[BlackElo "1466"]
[PlyCount "125"]
[EventDate "2023.07.03"]
[EventType "swiss"]
[EventRounds "9"]
[EventCountry "ESP"]
[SourceTitle "EXT 2024"]
[Source "ChessBase"]
[SourceDate "2023.10.10"]
[SourceVersion "1"]
[SourceVersionDate "2023.10.10"]
[SourceQuality "1"]

1. e4 c6 2. d4 d5 3. exd5 cxd5 4. Bd3 Nc6 5. c3 Nf6 6. h3 e6 7. Nf3 Bd6 8. 0-0 0-0 9. Re1 Qc7 10. Qe2 Nd7 11. Nbd2 Re8 12. c4 dxc4 13. Nxc4 Bb4 14. Bd2 Bxd2 15. Qxd2 Nf6 16. Nce5 Nxe5 17. dxe5 Nd5 18. Rac1 Qe7 19. a3 Bd7 20. Ng5 h6 21. Nf3 Rac8 22. Bc2 Bb5 23. Qd4 b6 24. Qe4 g6 25. Bd3 Bxd3 26. Qxd3 Red8 27. Rxc8 Rxc8 28. Qd2 Qc7 29. Qxh6 a6 30. Ng5 b5 31. Ne4 Qxe5 32. f4 Qd4+ 33. Kh2 Qxb2 34. Rd1 Qg7 35. Qh4 Kf8 36. Nd6 Rb8 37. Ne4 Kg8 38. Rc1 Qh8 39. Qg5 Qg7 40. Rc6 a5 41. Rd6 Rf8 42. Rxd5 f5 43. Nf6+ Qxf6 44. Qxf6 Rxf6 45. Rxb5 a4 46. Ra5 Rf8 47. Rxa4 Rc8 48. Kg3 Rc2 49. Ra8+ Kf7 50. a4 Ra2 51. a5 Ra3+ 52. Kh2 Ra4 53. a6 Kg7 54. a7 Ra3 55. Kg1 Ra2 56. Kf1 Kh7 57. Ke1 Kg7 58. Kd1 Kh7 59. Kc1 Kg7 60. Kb1 Ra6 61. Kb2 Rb6+ 62. Kc3 Rb7 63. Rg8+ 1-0

[Event "Colonia de Sant Jordi op-B"]
[Site "Colonia de Sant Jordi"]
[Date "2022.06.03"]
[Round "1"]
[White "Rullan Bento, Pau"]
[Black "Ramon Sanchez Campins, Pedro"]
[Result "0-1"]
[WhiteElo "1189"]
[BlackElo "1692"]
[PlyCount "80"]
[EventDate "2022.06.03"]
[EventType "swiss"]
[EventRounds "6"]
[EventCountry "ESP"]
[SourceTitle "CBM 208 Extra"]
[Source "ChessBase"]
[SourceDate "2022.07.31"]
[SourceVersion "1"]
[SourceVersionDate "2022.07.31"]
[SourceQuality "1"]

1. e4 c6 2. d4 d5 3. e5 e6 4. Nf3 c5 5. c3 Nc6 6. Bb5 Bd7 7. Bg5 Qb6 8. Bxc6 Bxc6 9. b3 cxd4 10. Nxd4 Bc5 11. 0-0 Ne7 12. Bxe7 Bxe7 13. b4 0-0 14. Nd2 Rac8 15. a4 a6 16. a5 Qa7 17. N2b3 Bd7 18. Rc1 Rc4 19. Nd2 Rc7 20. Rb1 Rxc3 21. b5 Qxd4 22. bxa6 bxa6 23. Rb7 Rd8 24. Kh1 Rd3 25. Qb1 Rxd2 26. Ra7 Qxa7 27. Qe1 Bb4 28. f4 Bb5 29. Rf3 Rb2 30. Qc1 Qd4 31. h3 Qd2 32. Qxd2 Rxd2 33. f5 Bxa5 34. f6 gxf6 35. g4 d4 36. g5 Bc6 37. g6 Bxf3+ 38. Kg1 hxg6 39. h4 Rb8 40. h5 Rb1# 0-1